| 000 | 05369nam a2200565 4500 | ||
|---|---|---|---|
| 005 | 20100803114113.0 | ||
| 010 | _aB-408677-704 | ||
| 020 |
_a9788123756059 _c110.00 |
||
| 035 | _aB-408677-704 | ||
| 037 | _bTarun Books | ||
| 082 | _aN | ||
| 100 |
_aShukla, Vinod Kumar _920197 |
||
| 245 |
_aThe servant's shirt / _cby Vinod Kumar Shukla; translated from the original Hindi by Satti Khanna |
||
| 260 |
_aNew Delhi _bNational Book Trust _c2009 |
||
| 270 |
_aNehru Bhawan, 5 Industrial Area, Phase-II, Vasant Kunj, _bNew Delhi _e110070 |
||
| 300 |
_axxi, 222p. _c24 cm(pbk) |
||
| 490 |
_aAadan Pradan _920198 |
||
| 500 | _aIncludes glossary | ||
| 700 |
_a Khanna, Satti _94835 |
||
| 942 |
_2ddc _cEN _mSHU _hN |
||
| 999 |
_c34908 _d34908 |
||